<?xml version="1.0" encoding="UTF-8"?>
<record
    xmlns:xsi="http://www.w3.org/2001/XMLSchema-instance"
    xsi:schemaLocation="http://www.loc.gov/MARC21/slim http://www.loc.gov/standards/marcxml/schema/MARC21slim.xsd"
    xmlns="http://www.loc.gov/MARC21/slim">

  <leader>00402nam a2200157   4500</leader>
  <controlfield tag="003">SEACOMEC</controlfield>
  <controlfield tag="005">20250806160709.0</controlfield>
  <controlfield tag="008">250405b        |||||||| |||| 00| 0 eng d</controlfield>
  <datafield tag="020" ind1=" " ind2=" ">
    <subfield code="a">978-8173191381</subfield>
    <subfield code="c">130.00</subfield>
  </datafield>
  <datafield tag="040" ind1=" " ind2=" ">
    <subfield code="a">SEACOMEC</subfield>
  </datafield>
  <datafield tag="082" ind1=" " ind2=" ">
    <subfield code="a">621.9</subfield>
    <subfield code="b">M678</subfield>
  </datafield>
  <datafield tag="100" ind1=" " ind2=" ">
    <subfield code="a">Mishra,  P K</subfield>
  </datafield>
  <datafield tag="245" ind1=" " ind2=" ">
    <subfield code="a">Nonconventional Machining </subfield>
    <subfield code="c"> P.K. Mishra </subfield>
  </datafield>
  <datafield tag="260" ind1=" " ind2=" ">
    <subfield code="a"> New Delhi </subfield>
    <subfield code="b">: Narosa ,</subfield>
    <subfield code="c">1997</subfield>
  </datafield>
  <datafield tag="942" ind1=" " ind2=" ">
    <subfield code="c">BOOK</subfield>
  </datafield>
  <datafield tag="952" ind1=" " ind2=" ">
    <subfield code="0">0</subfield>
    <subfield code="1">0</subfield>
    <subfield code="2">ddc</subfield>
    <subfield code="4">0</subfield>
    <subfield code="7">0</subfield>
    <subfield code="a">SEACOMEC</subfield>
    <subfield code="b">SEACOMEC</subfield>
    <subfield code="d">2009-10-10</subfield>
    <subfield code="l">0</subfield>
    <subfield code="o">621.9 M678</subfield>
    <subfield code="p">15403</subfield>
    <subfield code="r">2025-04-05 13:00:23</subfield>
    <subfield code="w">2025-04-05</subfield>
    <subfield code="y">REF</subfield>
  </datafield>
  <datafield tag="952" ind1=" " ind2=" ">
    <subfield code="0">0</subfield>
    <subfield code="1">0</subfield>
    <subfield code="2">ddc</subfield>
    <subfield code="4">0</subfield>
    <subfield code="7">0</subfield>
    <subfield code="a">SEACOMEC</subfield>
    <subfield code="b">SEACOMEC</subfield>
    <subfield code="d">2009-10-10</subfield>
    <subfield code="l">0</subfield>
    <subfield code="o">621.9 M678</subfield>
    <subfield code="p">15404</subfield>
    <subfield code="r">2025-04-05 13:00:23</subfield>
    <subfield code="t">1</subfield>
    <subfield code="w">2025-04-05</subfield>
    <subfield code="y">BOOK</subfield>
  </datafield>
  <datafield tag="952" ind1=" " ind2=" ">
    <subfield code="0">0</subfield>
    <subfield code="1">0</subfield>
    <subfield code="2">ddc</subfield>
    <subfield code="4">0</subfield>
    <subfield code="7">0</subfield>
    <subfield code="a">SEACOMEC</subfield>
    <subfield code="b">SEACOMEC</subfield>
    <subfield code="d">2011-08-29</subfield>
    <subfield code="l">0</subfield>
    <subfield code="o">621.9 M678</subfield>
    <subfield code="p">18691</subfield>
    <subfield code="r">2025-04-05 13:03:53</subfield>
    <subfield code="t">2</subfield>
    <subfield code="w">2025-04-05</subfield>
    <subfield code="y">BOOK</subfield>
  </datafield>
  <datafield tag="952" ind1=" " ind2=" ">
    <subfield code="0">0</subfield>
    <subfield code="1">0</subfield>
    <subfield code="2">ddc</subfield>
    <subfield code="4">0</subfield>
    <subfield code="7">0</subfield>
    <subfield code="a">SEACOMEC</subfield>
    <subfield code="b">SEACOMEC</subfield>
    <subfield code="d">2011-08-29</subfield>
    <subfield code="l">0</subfield>
    <subfield code="o">621.9 M678</subfield>
    <subfield code="p">18692</subfield>
    <subfield code="r">2025-04-05 13:03:53</subfield>
    <subfield code="t">3</subfield>
    <subfield code="w">2025-04-05</subfield>
    <subfield code="y">BOOK</subfield>
  </datafield>
  <datafield tag="952" ind1=" " ind2=" ">
    <subfield code="0">0</subfield>
    <subfield code="1">0</subfield>
    <subfield code="2">ddc</subfield>
    <subfield code="4">0</subfield>
    <subfield code="7">0</subfield>
    <subfield code="a">SEACOMEC</subfield>
    <subfield code="b">SEACOMEC</subfield>
    <subfield code="d">2011-08-29</subfield>
    <subfield code="l">0</subfield>
    <subfield code="o">621.9 M678</subfield>
    <subfield code="p">18693</subfield>
    <subfield code="r">2025-04-05 13:03:53</subfield>
    <subfield code="t">4</subfield>
    <subfield code="w">2025-04-05</subfield>
    <subfield code="y">BOOK</subfield>
  </datafield>
  <datafield tag="952" ind1=" " ind2=" ">
    <subfield code="0">0</subfield>
    <subfield code="1">0</subfield>
    <subfield code="2">ddc</subfield>
    <subfield code="4">0</subfield>
    <subfield code="7">0</subfield>
    <subfield code="a">SEACOMEC</subfield>
    <subfield code="b">SEACOMEC</subfield>
    <subfield code="d">2011-08-29</subfield>
    <subfield code="l">0</subfield>
    <subfield code="o">621.9 M678</subfield>
    <subfield code="p">18694</subfield>
    <subfield code="r">2025-04-05 13:03:53</subfield>
    <subfield code="t">5</subfield>
    <subfield code="w">2025-04-05</subfield>
    <subfield code="y">BOOK</subfield>
  </datafield>
  <datafield tag="952" ind1=" " ind2=" ">
    <subfield code="0">0</subfield>
    <subfield code="1">0</subfield>
    <subfield code="2">ddc</subfield>
    <subfield code="4">0</subfield>
    <subfield code="7">0</subfield>
    <subfield code="a">SEACOMEC</subfield>
    <subfield code="b">SEACOMEC</subfield>
    <subfield code="d">2011-08-29</subfield>
    <subfield code="l">0</subfield>
    <subfield code="o">621.9 M678</subfield>
    <subfield code="p">18695</subfield>
    <subfield code="r">2025-04-05 13:03:53</subfield>
    <subfield code="t">6</subfield>
    <subfield code="w">2025-04-05</subfield>
    <subfield code="y">BOOK</subfield>
  </datafield>
  <datafield tag="952" ind1=" " ind2=" ">
    <subfield code="0">0</subfield>
    <subfield code="1">0</subfield>
    <subfield code="2">ddc</subfield>
    <subfield code="4">0</subfield>
    <subfield code="7">0</subfield>
    <subfield code="a">SEACOMEC</subfield>
    <subfield code="b">SEACOMEC</subfield>
    <subfield code="d">2011-08-29</subfield>
    <subfield code="l">0</subfield>
    <subfield code="o">621.9 M678</subfield>
    <subfield code="p">18696</subfield>
    <subfield code="r">2025-04-05 13:03:53</subfield>
    <subfield code="t">7</subfield>
    <subfield code="w">2025-04-05</subfield>
    <subfield code="y">BOOK</subfield>
  </datafield>
  <datafield tag="952" ind1=" " ind2=" ">
    <subfield code="0">0</subfield>
    <subfield code="1">0</subfield>
    <subfield code="2">ddc</subfield>
    <subfield code="4">0</subfield>
    <subfield code="7">0</subfield>
    <subfield code="a">SEACOMEC</subfield>
    <subfield code="b">SEACOMEC</subfield>
    <subfield code="d">2011-08-29</subfield>
    <subfield code="l">0</subfield>
    <subfield code="o">621.9 M678</subfield>
    <subfield code="p">18697</subfield>
    <subfield code="r">2025-04-05 13:03:53</subfield>
    <subfield code="t">8</subfield>
    <subfield code="w">2025-04-05</subfield>
    <subfield code="y">BOOK</subfield>
  </datafield>
  <datafield tag="952" ind1=" " ind2=" ">
    <subfield code="0">0</subfield>
    <subfield code="1">0</subfield>
    <subfield code="2">ddc</subfield>
    <subfield code="4">0</subfield>
    <subfield code="7">0</subfield>
    <subfield code="a">SEACOMEC</subfield>
    <subfield code="b">SEACOMEC</subfield>
    <subfield code="d">2011-08-29</subfield>
    <subfield code="l">0</subfield>
    <subfield code="o">621.9 M678</subfield>
    <subfield code="p">18698</subfield>
    <subfield code="r">2025-04-05 13:03:53</subfield>
    <subfield code="t">9</subfield>
    <subfield code="w">2025-04-05</subfield>
    <subfield code="y">BOOK</subfield>
  </datafield>
  <datafield tag="952" ind1=" " ind2=" ">
    <subfield code="0">0</subfield>
    <subfield code="1">0</subfield>
    <subfield code="2">ddc</subfield>
    <subfield code="4">0</subfield>
    <subfield code="7">0</subfield>
    <subfield code="a">SEACOMEC</subfield>
    <subfield code="b">SEACOMEC</subfield>
    <subfield code="d">2011-08-29</subfield>
    <subfield code="l">0</subfield>
    <subfield code="o">621.9 M678</subfield>
    <subfield code="p">18699</subfield>
    <subfield code="r">2025-04-05 13:03:53</subfield>
    <subfield code="t">10</subfield>
    <subfield code="w">2025-04-05</subfield>
    <subfield code="y">BOOK</subfield>
  </datafield>
  <datafield tag="952" ind1=" " ind2=" ">
    <subfield code="0">0</subfield>
    <subfield code="1">0</subfield>
    <subfield code="2">ddc</subfield>
    <subfield code="4">0</subfield>
    <subfield code="7">0</subfield>
    <subfield code="a">SEACOMEC</subfield>
    <subfield code="b">SEACOMEC</subfield>
    <subfield code="d">2011-08-29</subfield>
    <subfield code="l">0</subfield>
    <subfield code="o">621.9 M678</subfield>
    <subfield code="p">18700</subfield>
    <subfield code="r">2025-04-05 13:03:53</subfield>
    <subfield code="t">11</subfield>
    <subfield code="w">2025-04-05</subfield>
    <subfield code="y">BOOK</subfield>
  </datafield>
  <datafield tag="999" ind1=" " ind2=" ">
    <subfield code="c">2158</subfield>
    <subfield code="d">2158</subfield>
  </datafield>
</record>
